<?xml version="1.0" encoding="UTF-8"?>
<record
    xmlns:xsi="http://www.w3.org/2001/XMLSchema-instance"
    xsi:schemaLocation="http://www.loc.gov/MARC21/slim http://www.loc.gov/standards/marcxml/schema/MARC21slim.xsd"
    xmlns="http://www.loc.gov/MARC21/slim">

  <leader>00643nam a2200169Ia 4500</leader>
  <controlfield tag="008">090711s9999    xx            000 0 und d</controlfield>
  <datafield tag="082" ind1=" " ind2=" ">
    <subfield code="b">1666</subfield>
  </datafield>
  <datafield tag="100" ind1=" " ind2=" ">
    <subfield code="a">&#x918;&#x93E;&#x923;&#x947;&#x915;&#x930; &#x92E;&#x927;&#x941;&#x938;&#x942;&#x926;&#x928;</subfield>
  </datafield>
  <datafield tag="245" ind1=" " ind2=" ">
    <subfield code="a">&#x91D;&#x902;&#x91D;&#x93E;&#x935;&#x93E;&#x924;&#x940; &#x938;&#x939;&#x94D;&#x92F;&#x93E; &#x935; &#x938;&#x94D;&#x935;&#x92D;&#x93E;&#x935;</subfield>
  </datafield>
  <datafield tag="260" ind1=" " ind2=" ">
    <subfield code="b">&#x928;&#x93F;&#x924;&#x940;&#x928; &#x92A;&#x94D;&#x930;&#x915;&#x93E;&#x936;&#x928;</subfield>
    <subfield code="c">2000</subfield>
  </datafield>
  <datafield tag="300" ind1=" " ind2=" ">
    <subfield code="a">104</subfield>
  </datafield>
  <datafield tag="600" ind1=" " ind2=" ">
    <subfield code="a">&#x918;&#x93E;&#x923;&#x947;&#x915;&#x930; &#x92E;&#x927;&#x941;&#x938;&#x942;&#x926;&#x928;</subfield>
  </datafield>
  <datafield tag="630" ind1=" " ind2=" ">
    <subfield code="a">&#x91D;&#x902;&#x91D;&#x93E;&#x935;&#x93E;&#x924;&#x940; &#x938;&#x939;&#x94D;&#x92F;&#x93E; &#x935; &#x938;&#x94D;&#x935;&#x92D;&#x93E;&#x935;</subfield>
  </datafield>
  <datafield tag="700" ind1=" " ind2=" ">
    <subfield code="a">&#x918;&#x93E;&#x923;&#x947;&#x915;&#x930; &#x92E;&#x927;&#x941;&#x938;&#x942;&#x926;&#x928;</subfield>
  </datafield>
  <datafield tag="730" ind1=" " ind2=" ">
    <subfield code="a">&#x91D;&#x902;&#x91D;&#x93E;&#x935;&#x93E;&#x924;&#x940; &#x938;&#x939;&#x94D;&#x92F;&#x93E; &#x935; &#x938;&#x94D;&#x935;&#x92D;&#x93E;&#x935;</subfield>
  </datafield>
  <datafield tag="942" ind1=" " ind2=" ">
    <subfield code="c">BOOK</subfield>
  </datafield>
  <datafield tag="999" ind1=" " ind2=" ">
    <subfield code="c">338700</subfield>
    <subfield code="d">338697</subfield>
  </datafield>
</record>
